Spell the Marvel Character #421 - Statistics

General Stats
  • This quiz has been taken 12 times
  • The average score is 6 of 8
Answer Stats
Picture Answer % Correct
Invisible Woman
100%
Ironheart
90%
Nocturne
90%
X-23
90%
Abigail Brand
70%
Machine Man
60%
Mini-Max
60%
Misty Knight
60%
No matching quizzes found
Score Distribution
Percent of People with Each Score
Percentile by Number Answered
Your Score History
You have not taken this quiz